| 000 | 00909 a2200229 4500 | ||
|---|---|---|---|
| 005 | 20260327113458.0 | ||
| 008 | 260327b |||||||| |||| 00| 0 eng d | ||
| 020 | _a9788173094408 (pbk) | ||
| 037 | _cTB | ||
| 040 |
_aCRL _cCRL |
||
| 041 |
_2hin _ahin |
||
| 084 |
_aV2y7M69 152Q0 _qCRL |
||
| 100 |
_aतिवारी, कनक _9863192 |
||
| 245 | _aहिंद स्वराज का सच | ||
| 260 |
_aनई दिल्ली, भारत: _bसस्ता साहित्य मण्डल प्रकाशन, _c2010. |
||
| 300 | _a191पृ. | ||
| 365 |
_b95.00 _cINR |
||
| 650 | _aभारत इतिहास | ||
| 650 |
_aस्वराज _91113757 |
||
| 942 |
_cTB _2CC _hV2y7M69 152Q0 |
||
| 999 |
_c1467343 _d1467343 |
||